Normal view
MARC view
- الشعر العباسي - تاريخ ونقد - الحمداني
Entry Topical Term
001 - CONTROL NUMBER
- control field: 33675
003 - CONTROL NUMBER IDENTIFIER
- control field: JO-AjAnu
005 - DATE AND TIME OF LATEST TRANSACTION
- control field: 20230606075640.0
008 - FIXED-LENGTH DATA ELEMENTS
- fixed length control field: 230606|| aca||aabn | a|a d
040 ## - CATALOGING SOURCE
- Original cataloging agency: JO-AjAnu
- Transcribing agency: JO-AjAnu
150 ## - HEADING--TOPICAL TERM
- Topical term or geographic name entry element: الشعر العباسي - تاريخ ونقد - الحمداني
670 ## - SOURCE DATA FOUND
- Source citation: Work cat.: (JO-AjAnu)17298: شرح وتقديم عبد الستار،عباس , author 33674, ديوان أبو فراس الحمداني